000 00326nam a2200121Ia 4500
008 191014s9999 xx 000 0 und d
082 _a539
_bBEI
100 _aArthur Beiser
_923977
245 0 _aConcepts of Modern Physics (Sixth Edition)
260 _aPakistan
_bNational Books Fundation
300 _aXiii,542
942 _cBK
999 _c531126
_d531126